000 00215 a2200097 4500
001 1443
100 _aTimber engg Co
245 _aIimber design and custruction H/B
260 _a
_bMcgrawhill
_c
090 _c986
_d986
942 _aNUST-CAE
_cM
_c36777
999 _c236516
_d236516